000170497 001__ 170497
000170497 005__ 20260428145202.0
000170497 020__ $$a978-84-10267-27-5
000170497 037__ $$aBOOK-2026-279
000170497 041__ $$aspa
000170497 100__ $$aÁgreda Pino, Ana M.$$b
000170497 245__ $$aDe saberes y espacios compartidos: el bordado doméstico femenino en la Edad Moderna
000170497 260__ $$aMadrid$$bSílex$$c2024
000170497 300__ $$a111-130
000170497 506__ $$aall-rights-reserved
000170497 540__ $$9info:eu-repo/semantics/openAccess
000170497 773__ $$tIdentidades femeninas y su relación con las artes durante la Edad Moderna en España: aportaciones y revisiones
000170497 8560_ $$flplumed@unizar.es
000170497 8564_ $$uhttps://zaguan.unizar.es/record/170497/files/BOOK-2026-279.pdf$$zTexto completo
000170497 909CO $$ooai:zaguan.unizar.es:170497$$pbooks
000170497 980__ $$aBOOK$$bCAPITULOS$$b